[Event "8th Asian Continental/Individual-Women"]
[Site "Subic Bay Free Port"]
[Date "2009.05.13"]
[Round "1.2"]
[White "Le, Thi Phuong Lien"]
[Black "Ju, Wenjun"]
[Result "0-1"]
[WhiteElo "2216"]
[BlackElo "2454"]
[PlyCount "88"]
[EventDate "2009.05.13"]

1. e4 c5 2. Nf3 d6 3. d4 cxd4 4. Nxd4 Nf6 5. Nc3 a6 6. Be2 e5 7. Nb3 Be7 8. O-O
O-O 9. Kh1 b6 10. Bg5 Nbd7 11. Qd2 Bb7 12. f3 b5 13. a3 Qc7 14. Bxf6 Nxf6 15.
Nd5 Bxd5 16. exd5 Rfc8 17. Rac1 Bd8 18. c3 Qb7 19. Rcd1 a5 20. f4 e4 21. g4 a4
22. g5 axb3 23. gxf6 Bxf6 24. Qe3 Re8 25. Rd2 Qa6 26. Rg1 Rac8 27. Bg4 Rc7 28.
h4 Qa7 29. Qxa7 Rxa7 30. Bd1 e3 31. Re2 Bxh4 32. Rg4 Bf2 33. Bxb3 f5 34. Rg5 g6
35. Bc2 Kf7 36. Rg2 Rc7 37. Rh2 Rc4 38. Rxh7+ Kf6 39. Rd7 Rh8+ 40. Kg2 Rxf4 41.
Rxd6+ Kg5 42. Bxf5 gxf5 43. Rc2 e2 44. Rxe2 Bc5 0-1

[Event "8th Asian Continental/Individual-Women"]
[Site "Subic Bay Free Port"]
[Date "2009.05.13"]
[Round "1.3"]
[White "Munguntuul, Batkhuyag"]
[Black "Dang, Bich Ngoc"]
[Result "1-0"]
[WhiteElo "2440"]
[BlackElo "2185"]
[PlyCount "87"]
[EventDate "2009.05.13"]

1. c4 c5 2. Nc3 Nf6 3. e4 Nc6 4. g3 g6 5. Bg2 Bg7 6. Nge2 O-O 7. O-O d6 8. d3
a6 9. Rb1 Rb8 10. a3 b5 11. cxb5 axb5 12. b4 Ba6 13. h3 Nd7 14. Be3 Nd4 15. Qd2
Re8 16. Rfc1 Nb6 17. Nd5 Nxe2+ 18. Qxe2 Nxd5 19. exd5 cxb4 20. Rxb4 Qa5 21. Qa2
Bc8 22. Qb3 Bd7 23. d4 Rb7 24. Qb2 Ra7 25. Rc3 Rc7 26. Rxc7 Qxc7 27. Bf1 Rc8
28. Bxb5 Bxh3 29. Bc6 e5 30. Kh2 Bf5 31. a4 Qd8 32. dxe5 Bxe5 33. Qd2 Bd7 34.
Bg5 f6 35. Be3 Bxc6 36. dxc6 d5 37. Rb5 d4 38. Bh6 Rxc6 39. Qa2+ Kh8 40. Qf7
Qg8 41. Bg7+ Qxg7 42. Qe8+ Qg8 43. Qxc6 Qa2 44. Kg2 1-0

[Event "8th Asian Continental/Individual-Women"]
[Site "Subic Bay Free Port"]
[Date "2009.05.13"]
[Round "1.4"]
[White "Perena, Catherine"]
[Black "Tania, Sachdev"]
[Result "0-1"]
[WhiteElo "2184"]
[BlackElo "2423"]
[PlyCount "96"]
[EventDate "2009.05.13"]

1. d4 Nf6 2. c4 e6 3. Nf3 b6 4. g3 Bb7 5. Bg2 Be7 6. Nc3 O-O 7. O-O Ne4 8. Qc2
Nxc3 9. Qxc3 c5 10. e3 Bf6 11. b3 Nc6 12. Ne5 cxd4 13. exd4 Nxd4 14. Qxd4 Bxg2
15. Kxg2 d6 16. Bf4 dxe5 17. Qxd8 Rfxd8 18. Be3 Be7 19. Rfd1 f6 20. Kf3 Kf7 21.
Ke2 e4 22. a3 f5 23. b4 e5 24. h4 Ke6 25. Rab1 Rxd1 26. Kxd1 Rf8 27. Kc2 f4 28.
gxf4 exf4 29. Bd4 Bxh4 30. a4 Bf6 31. Bxf6 Rxf6 32. Kc3 Ke5 33. a5 g5 34. c5
bxc5 35. b5 e3 36. fxe3 f3 37. Kd2 g4 38. b6 axb6 39. axb6 Rf8 40. Ke1 g3 41.
b7 Rb8 42. Rb5 Ke4 43. Rb6 c4 44. Re6+ Kd3 45. Rd6+ Kxe3 46. Re6+ Kd4 47. Rd6+
Kc5 48. Rf6 f2+ 0-1

[Event "8th Asian Continental/Individual-Women"]
[Site "Subic Bay Free Port"]
[Date "2009.05.13"]
[Round "1.6"]
[White "Bui, Kim Le"]
[Black "Nadig, Kruttika"]
[Result "0-1"]
[WhiteElo "2165"]
[BlackElo "2361"]
[PlyCount "90"]
[EventDate "2009.05.13"]

1. e4 c5 2. Nf3 d6 3. d4 Nf6 4. Nc3 cxd4 5. Nxd4 a6 6. Bg5 e6 7. f4 Qc7 8. Bxf6
gxf6 9. f5 Nc6 10. fxe6 fxe6 11. Be2 Qb6 12. Bh5+ Kd8 13. Nxc6+ bxc6 14. Qf3
Be7 15. O-O-O Rb8 16. b3 Qc5 17. Na4 Qa3+ 18. Kd2 d5 19. Ke2 a5 20. Rhe1 Rf8
21. Kf1 Bd7 22. Kg1 Qxa2 23. Qd3 Qa3 24. Bf3 Qd6 25. c4 d4 26. c5 Qe5 27. Qc4
Rb4 28. Qa6 Rb5 29. Be2 Rxb3 30. Qxa5+ Ke8 31. Bc4 Rb7 32. Rd3 Bd8 33. Qd2 Bc7
34. Rh3 Ra7 35. Nb2 Ba5 36. Qe2 Bxe1 37. Nd3 Ra1 38. Nxe1 Qxc5 39. Bd3 Rf7 40.
Kf2 e5 41. g4 Be6 42. Rg3 Qc1 43. h3 Ra2 44. Bc2 Rb7 45. g5 Rbb2 0-1

[Event "8th Asian Continental/Individual-Women"]
[Site "Subic Bay Free Port"]
[Date "2009.05.13"]
[Round "1.7"]
[White "Karavade, Eesha"]
[Black "Ghader Pour, Shayesteh"]
[Result "1-0"]
[WhiteElo "2359"]
[BlackElo "2156"]
[PlyCount "119"]
[EventDate "2009.05.13"]

1. d4 Nf6 2. c4 e6 3. Nc3 Bb4 4. e3 O-O 5. Nge2 d5 6. a3 Be7 7. cxd5 Nxd5 8.
Bd2 Nd7 9. g3 Nxc3 10. Bxc3 c5 11. Bg2 Rb8 12. O-O b6 13. dxc5 bxc5 14. Rc1 Bf6
15. Qc2 Bxc3 16. Nxc3 Bb7 17. Ne4 Bxe4 18. Bxe4 Nf6 19. Bf3 Rc8 20. Rfd1 Qb6
21. b4 c4 22. Qa2 Qc7 23. Rc3 Nd7 24. Be2 Nb6 25. Rdc1 Qe5 26. Bxc4 a5 27. R3c2
axb4 28. axb4 Nxc4 29. Rxc4 Rxc4 30. Qxc4 h6 31. Qc7 Qb2 32. Rc4 Qb3 33. Rf4
Qd1+ 34. Kg2 Qd5+ 35. e4 Qb3 36. Qd6 Ra8 37. Rf3 Qc4 38. e5 Qe4 39. Qc7 Rf8 40.
b5 g5 41. h3 h5 42. Qc6 Qxe5 43. b6 Qd5 44. Qxd5 exd5 45. Rf5 f6 46. Rxd5 Rb8
47. Rb5 Rb7 48. Kf3 Kf7 49. Ke4 Ke6 50. g4 hxg4 51. hxg4 Kd6 52. Kf5 Ke7 53.
Rb3 Kf7 54. Rb4 Re7 55. f4 Rb7 56. fxg5 fxg5 57. Kxg5 Ke6 58. Kg6 Ke5 59. g5
Ke6 60. Rb5 1-0

[Event "8th Asian Continental/Individual-Women"]
[Site "Subic Bay Free Port"]
[Date "2009.05.13"]
[Round "1.8"]
[White "Guo, Qi"]
[Black "Zhang, Xiaowen"]
[Result "1/2-1/2"]
[WhiteElo "2147"]
[BlackElo "2340"]
[PlyCount "80"]
[EventDate "2009.05.13"]

1. d4 Nf6 2. c4 g6 3. Nc3 Bg7 4. e4 d6 5. Nf3 O-O 6. Be2 e5 7. Be3 Ng4 8. Bg5
f6 9. Bh4 g5 10. Bg3 Nh6 11. d5 Nd7 12. Nd2 f5 13. exf5 Nf6 14. Nde4 Nxe4 15.
Nxe4 Bxf5 16. Bd3 g4 17. O-O Kh8 18. Rc1 b6 19. b4 a5 20. a3 axb4 21. axb4 Ra3
22. Bb1 Ng8 23. c5 Bh6 24. cxd6 cxd6 25. Rc6 Ra1 26. Rxd6 Qe7 27. Re6 Bxe6 28.
Bxe5+ Bg7 29. Bxa1 Bxa1 30. dxe6 Qxe6 31. Ng5 Qh6 32. Qxg4 Be5 33. f4 b5 34.
Ba2 Qb6+ 35. Kh1 Qa7 36. Bxg8 Rxf4 37. Nf7+ Qxf7 38. Rxf4 Qxf4 39. Qxf4 Bxf4
40. Bd5 Bd6 1/2-1/2

[Event "8th Asian Continental/Individual-Women"]
[Site "Subic Bay Free Port"]
[Date "2009.05.13"]
[Round "1.9"]
[White "Gu, Xiaobing"]
[Black "Li, Panru"]
[Result "1/2-1/2"]
[WhiteElo "2336"]
[BlackElo "2146"]
[PlyCount "92"]
[EventDate "2009.05.13"]

1. e4 e6 2. d4 d5 3. Nd2 Nf6 4. e5 Nfd7 5. Bd3 c5 6. c3 Nc6 7. Ne2 Qb6 8. O-O
cxd4 9. cxd4 Nxd4 10. Nxd4 Qxd4 11. Nf3 Qb6 12. Qa4 Qb4 13. Qc2 Qc5 14. Qe2 Be7
15. Be3 Qa5 16. Rac1 O-O 17. Nd4 Nc5 18. Rxc5 Qxc5 19. Nxe6 Qb4 20. a3 Qh4 21.
Nxf8 Bxf8 22. Rc1 Bg4 23. f3 Bd7 24. f4 a6 25. g3 Qd8 26. Qg2 d4 27. Qe4 g6 28.
Qxd4 Rc8 29. Rxc8 Qxc8 30. Be4 Bf5 31. Bf3 Be7 32. Qd2 Bc5 33. Bxc5 Qxc5+ 34.
Kg2 Qc8 35. Qd1 Bh3+ 36. Kh1 h5 37. Bg2 Bg4 38. Qd2 Kh7 39. Bd5 Qd7 40. Qd3 Bf5
41. Qb3 b5 42. Kg1 Qa7+ 43. Kg2 Qd4 44. Bf3 Qd2+ 45. Kg1 Qe1+ 46. Kg2 Qd2+
1/2-1/2

[Event "8th Asian Continental/Individual-Women"]
[Site "Subic Bay Free Port"]
[Date "2009.05.13"]
[Round "1.10"]
[White "Sun, Fanghui"]
[Black "Zhang, Jilin"]
[Result "0-1"]
[WhiteElo "2146"]
[BlackElo "2335"]
[PlyCount "72"]
[EventDate "2009.05.13"]

1. e4 d6 2. d4 Nf6 3. Nc3 g6 4. Bg5 Nbd7 5. Qd2 c6 6. f4 Qc7 7. e5 Nd5 8. O-O-O
Nxc3 9. Qxc3 Bg7 10. Nf3 Nb6 11. Qa3 O-O 12. Bh4 Nd5 13. Bg3 b5 14. Nh4 Bh6 15.
Kb1 Bxf4 16. Bxf4 Nxf4 17. Qe3 dxe5 18. dxe5 Nd5 19. Qc5 Qb6 20. Rxd5 cxd5 21.
Qxe7 a6 22. Nf3 Bg4 23. Qg5 Bxf3 24. gxf3 Qf2 25. Bg2 Rac8 26. Rc1 Rc4 27. b3
Rc3 28. f4 Qd2 29. e6 fxe6 30. Qe7 Qe3 31. Rf1 Rf7 32. Qe8+ Kg7 33. f5 exf5 34.
Qb8 Rc5 35. Qd6 Rfc7 36. Rc1 Qe2 0-1

[Event "8th Asian Continental/Individual-Women"]
[Site "Subic Bay Free Port"]
[Date "2009.05.13"]
[Round "1.11"]
[White "Swathi, Ghate"]
[Black "Cua, Sherily"]
[Result "1-0"]
[WhiteElo "2330"]
[BlackElo "2143"]
[PlyCount "71"]
[EventDate "2009.05.13"]

1. e4 e6 2. d4 d5 3. Nc3 dxe4 4. Nxe4 Bd7 5. Nf3 Bc6 6. Bd3 Nd7 7. O-O Ngf6 8.
Nxf6+ Qxf6 9. c3 Bd6 10. Bg5 Bxf3 11. Qd2 Bf4 12. Bxf4 g5 13. Be5 Nxe5 14. dxe5
Qxe5 15. gxf3 O-O-O 16. Rfd1 Kb8 17. Qe3 Qf6 18. Be2 h5 19. Rxd8+ Rxd8 20. Rd1
Rg8 21. Rd7 a6 22. Qd4 Qxd4 23. cxd4 Rf8 24. d5 exd5 25. Rxd5 f6 26. f4 c6 27.
Rf5 gxf4 28. Bxh5 Kc7 29. Kg2 Kd6 30. Kf3 Ke6 31. Bg4 Ke7 32. Rh5 Rf7 33. Kxf4
Kd6 34. Bf5 b5 35. Rh7 Rf8 36. h4 1-0

[Event "8th Asian Continental/Individual-Women"]
[Site "Subic Bay Free Port"]
[Date "2009.05.13"]
[Round "1.12"]
[White "Shamima, Akter Liza"]
[Black "Le, Thanh Tu"]
[Result "0-1"]
[WhiteElo "2125"]
[BlackElo "2326"]
[PlyCount "78"]
[EventDate "2009.05.13"]

1. d4 c5 2. d5 Nf6 3. c4 e6 4. Nc3 exd5 5. cxd5 d6 6. e4 g6 7. Bd3 Bg7 8. Nge2
O-O 9. Ng3 a6 10. a4 Nbd7 11. f3 Rb8 12. O-O Ne8 13. Be3 Nc7 14. f4 b5 15. axb5
axb5 16. e5 dxe5 17. d6 Ne6 18. f5 Nd4 19. Nd5 Bb7 20. Ne7+ Kh8 21. fxg6 fxg6
22. Qg4 e4 23. Qh3 Ne5 24. Nxe4 Bxe4 25. Bxe4 Qxd6 26. Nd5 Rxf1+ 27. Rxf1 Rd8
28. Qh4 Rf8 29. Rxf8+ Qxf8 30. h3 Nf5 31. Bxf5 gxf5 32. Qe7 Qxe7 33. Nxe7 Nd3
34. Nxf5 Bxb2 35. Nd6 b4 36. Kf1 Bc1 37. Ke2 Bxe3 38. Kxe3 Nb2 39. Kd2 Na4 0-1

[Event "8th Asian Continental/Individual-Women"]
[Site "Subic Bay Free Port"]
[Date "2009.05.13"]
[Round "1.13"]
[White "Nguyen, Thi Thanh An"]
[Black "Xu, Huahua"]
[Result "1-0"]
[WhiteElo "2324"]
[BlackElo "2093"]
[PlyCount "135"]
[EventDate "2009.05.13"]

1. d4 Nf6 2. Nf3 g6 3. Bf4 Bg7 4. e3 O-O 5. Be2 d6 6. h3 Nbd7 7. O-O b6 8. Bh2
Bb7 9. c3 c5 10. Nbd2 Rc8 11. a4 a6 12. Qb3 a5 13. Rfd1 Qc7 14. Rac1 Qb8 15.
Nc4 Bc6 16. Na3 Qa8 17. Nb5 h6 18. Nh4 Kh7 19. Bc4 d5 20. Be2 c4 21. Qa3 Bxb5
22. axb5 Rfe8 23. Nf3 Ne4 24. b3 cxb3 25. Qxb3 e6 26. c4 Bf8 27. Bd3 Nd6 28.
cxd5 Qxd5 29. Qxd5 exd5 30. Rc6 Ne4 31. Rdc1 Ra8 32. Rc7 Red8 33. Ne5 Nxe5 34.
Bxe5 Kg8 35. f3 Nd6 36. R7c6 Rab8 37. e4 dxe4 38. fxe4 a4 39. Ra1 Ra8 40. Rxb6
a3 41. Ra6 Rac8 42. Ra4 Nb7 43. Bc4 Nd6 44. Bxd6 Bxd6 45. Bd5 Rd7 46. Bc6 Rdd8
47. e5 Bf8 48. Kf1 Kg7 49. d5 Bc5 50. Rc4 Bb6 51. Rxa3 Rb8 52. Rf3 Rf8 53. Rcf4
Rbc8 54. Ke2 Rcd8 55. Kd3 Rc8 56. Kc4 Rcd8 57. d6 Rb8 58. Kd5 Rbd8 59. e6 fxe6+
60. Kxe6 Rxf4 61. Rxf4 Bc5 62. Rf7+ Kg8 63. d7 Bb6 64. Ke7 Rb8 65. Ke6 Rd8 66.
Kf6 g5 67. Kg6 Bd4 68. Bd5 1-0

[Event "8th Asian Continental/Individual-Women"]
[Site "Subic Bay Free Port"]
[Date "2009.05.13"]
[Round "1.15"]
[White "Meenakshi, Subbaraman"]
[Black "Jose, Rulp Ylem"]
[Result "1-0"]
[WhiteElo "2303"]
[BlackElo "2054"]
[PlyCount "137"]
[EventDate "2009.05.13"]

1. c4 Nf6 2. Nc3 d5 3. cxd5 Nxd5 4. g3 e5 5. Bg2 Nxc3 6. bxc3 Bc5 7. Nf3 Nc6 8.
d3 O-O 9. O-O Re8 10. Rb1 h6 11. Bb2 Bb6 12. Nd2 Be6 13. c4 Rb8 14. Ba3 Nd4 15.
Ne4 f5 16. Nc5 Bxc5 17. Bxc5 b6 18. Ba3 e4 19. Re1 Bf7 20. e3 Nc6 21. dxe4 fxe4
22. Qc2 Na5 23. Rbd1 Qg5 24. Bxe4 Nxc4 25. Bc1 Rbd8 26. Bg2 Qf6 27. e4 c5 28.
f4 Rd4 29. Kh1 Red8 30. e5 Qe6 31. Rxd4 Rxd4 32. f5 Qe7 33. Bf4 Bh5 34. h3 Qd8
35. e6 Qe7 36. Qf2 b5 37. g4 Be8 38. Bg3 Rd2 39. Re2 Rd1+ 40. Kh2 b4 41. Rc2
Rd4 42. Bf1 Na3 43. Rd2 Qd8 44. Rxd4 Qxd4 45. Qf3 c4 46. Qa8 Kf8 47. Qb8 Nb5
48. Be5 Qc5 49. Bf4 c3 50. Bxb5 Qxb5 51. Bd6+ Kg8 52. Qxb5 Bxb5 53. Bxb4 c2 54.
Bd2 Kf8 55. Kg3 Ke7 56. Kf4 a5 57. Ke5 Bc4 58. a4 Be2 59. Bc1 Bf3 60. Ba3+ Ke8
61. Kf4 Bd5 62. h4 Bc4 63. g5 hxg5+ 64. hxg5 g6 65. Ke5 gxf5 66. g6 c1=Q 67.
Bxc1 Kf8 68. Ba3+ Kg7 69. e7 1-0

[Event "8th Asian Continental/Individual-Women"]
[Site "Subic Bay Free Port"]
[Date "2009.05.13"]
[Round "1.16"]
[White "Mendoza, Beverly"]
[Black "Sukandar, Irine Kharisma"]
[Result "0-1"]
[WhiteElo "2045"]
[BlackElo "2300"]
[PlyCount "80"]
[EventDate "2009.05.13"]

1. e4 e5 2. Bc4 Nf6 3. d3 c6 4. Nf3 d5 5. Bb3 Bd6 6. Nc3 d4 7. Ne2 h6 8. O-O
Nbd7 9. c3 c5 10. Ng3 g6 11. Nd2 Bf8 12. a4 Bg7 13. Nc4 O-O 14. f4 Qe7 15. Qf3
Kh7 16. h3 dxc3 17. bxc3 exf4 18. Bxf4 Ne8 19. Rac1 Nb6 20. Ne3 Be6 21. Nd5 Qd7
22. a5 Nc8 23. Qf2 b6 24. Ra1 Qc6 25. axb6 axb6 26. Qd2 Rxa1 27. Rxa1 b5 28.
Ra5 c4 29. dxc4 Bxd5 30. Rxb5 Bxc4 31. Bxc4 Qxc4 32. Rb7 Qc5+ 33. Kh1 Ned6 34.
Rd7 Nc4 35. Qc2 N8b6 36. Rc7 Qa5 37. Ne2 Ne5 38. Nd4 Nbc4 39. Rb7 Nd6 40. Nb3
Qa6 0-1

[Event "8th Asian Continental/Individual-Women"]
[Site "Subic Bay Free Port"]
[Date "2009.05.13"]
[Round "1.17"]
[White "Nguyen, Thi Mai Hung"]
[Black "Bernales, Christy Lamiel"]
[Result "1/2-1/2"]
[WhiteElo "2295"]
[BlackElo "2041"]
[PlyCount "83"]
[EventDate "2009.05.13"]

1. d4 Nf6 2. Nf3 e6 3. e3 b6 4. Bd3 Bb7 5. Nbd2 d5 6. O-O Bd6 7. Ne5 O-O 8. c3
c5 9. Qe2 Qc7 10. f4 Ne4 11. g4 f6 12. Nef3 Nd7 13. Qg2 Nxd2 14. Bxd2 Rae8 15.
Qh3 g6 16. Rf2 e5 17. fxe5 fxe5 18. Raf1 Qd8 19. Qh6 e4 20. Ng5 Re7 21. Be2
Rxf2 22. Rxf2 Nf8 23. Kg2 Ne6 24. Kg1 Bc8 25. Nxe6 Bxe6 26. Qg5 Qc7 27. Bd1 Rf7
28. Qh4 Be7 29. Rxf7 Bxf7 30. Qf2 Be6 31. h3 Bd6 32. Kg2 Qf7 33. Be1 Qxf2+ 34.
Bxf2 c4 35. Bg3 Bxg3 36. Kxg3 g5 37. Ba4 a6 38. Bc6 Kf8 39. Bb7 a5 40. Bc6 Ke7
41. Kf2 Kd6 42. Be8 1/2-1/2

[Event "8th Asian Continental/Individual-Women"]
[Site "Subic Bay Free Port"]
[Date "2009.05.13"]
[Round "1.18"]
[White "Salvador, Aices"]
[Black "Ding, Yixin"]
[Result "0-1"]
[WhiteElo "2040"]
[BlackElo "2281"]
[PlyCount "126"]
[EventDate "2009.05.13"]

1. e4 c5 2. c3 d5 3. exd5 Qxd5 4. d4 Nf6 5. Nf3 Bg4 6. Be2 e6 7. h3 Bh5 8. O-O
Nc6 9. c4 Qd8 10. dxc5 Bxc5 11. Nc3 O-O 12. Bg5 Qa5 13. Bxf6 gxf6 14. Qa4 f5
15. Rad1 Qc7 16. Qb5 Be7 17. Nd4 a6 18. Qa4 Bxe2 19. Ndxe2 Ne5 20. b3 Kh8 21.
Kh1 Rg8 22. Rd2 Rg7 23. Rfd1 Rag8 24. g3 b6 25. Rd7 Nxd7 26. Qxd7 Qc5 27. Kg2
Rd8 28. Qb7 Rxd1 29. Nxd1 Rg8 30. Qxa6 Qc6+ 31. f3 Ra8 32. Nd4 Rxa6 33. Nxc6
Rxa2+ 34. Kf1 Bd6 35. g4 fxg4 36. hxg4 Ra3 37. Ke2 Rxb3 38. Nd4 Rb1 39. Nb5 Bf4
40. Nbc3 Ra1 41. Nf2 Be5 42. Nce4 Ra2+ 43. Ke3 f5 44. Nd3 fxe4 45. Nxe5 exf3
46. Kxf3 Kg7 47. Ke4 Re2+ 48. Kf4 Rd2 49. Ke3 Rd1 50. g5 Kf8 51. Ke2 Rb1 52.
Nd7+ Ke7 53. Nf6 Rh1 54. Ne4 Rh4 55. Kd3 Rxe4 56. Kxe4 Kd6 57. Kf4 Kc5 58. Ke5
Kxc4 59. Kxe6 b5 60. Kf7 b4 61. Kg7 b3 62. Kxh7 b2 63. g6 b1=Q 0-1

[Event "8th Asian Continental/Individual-Women"]
[Site "Subic Bay Free Port"]
[Date "2009.05.13"]
[Round "1.19"]
[White "Le, Kieu Thien Kim"]
[Black "Lkhamsuren, Uuganbayar"]
[Result "1-0"]
[WhiteElo "2277"]
[BlackElo "2038"]
[PlyCount "77"]
[EventDate "2009.05.13"]

1. d4 d5 2. Nf3 Nf6 3. e3 c6 4. Bd3 Bg4 5. b3 e6 6. Nbd2 Nbd7 7. Bb2 Bd6 8. h3
Bh5 9. O-O e5 10. dxe5 Bxe5 11. c3 O-O 12. Qc2 Bc7 13. c4 Re8 14. cxd5 Ne5 15.
Nxe5 Bxe5 16. Bxe5 Rxe5 17. e4 cxd5 18. f4 Rc8 19. Qb1 Qb6+ 20. Kh2 Ree8 21. e5
Qe3 22. exf6 Qxd2 23. Bxh7+ Kh8 24. Qd3 Re2 25. Qxd2 Rxd2 26. Bf5 Re8 27. Rae1
Rxe1 28. Rxe1 gxf6 29. Kg1 Rxa2 30. Bc8 b6 31. g4 Bg6 32. f5 Bh7 33. Bb7 Rd2
34. Ba6 Ra2 35. Bf1 a5 36. Bb5 Rd2 37. Re2 Rd4 38. Re8+ Kg7 39. Rb8 1-0

[Event "8th Asian Continental/Individual-Women"]
[Site "Subic Bay Free Port"]
[Date "2009.05.13"]
[Round "1.20"]
[White "Docena, Jedara"]
[Black "Pourkashiyan, Atousa"]
[Result "0-1"]
[WhiteElo "1999"]
[BlackElo "2273"]
[PlyCount "52"]
[EventDate "2009.05.13"]

1. e4 c5 2. Nc3 e6 3. f4 d5 4. exd5 exd5 5. Bb5+ Nc6 6. Qe2+ Be7 7. Nf3 Nf6 8.
O-O O-O 9. Re1 Re8 10. Qf1 c4 11. d4 Bf5 12. Ne5 Nxd4 13. Bxe8 Qxe8 14. g4 Nxg4
15. Nxd5 Bc5 16. Kg2 Qc8 17. Kg3 Nxc2 18. Nxg4 Bxg4 19. Be3 Be6 20. Bxc5 Qxc5
21. Re5 Bxd5 22. Rc1 Nb4 23. a3 Nc6 24. b4 Qd4 25. Rd1 Qc3+ 26. Kh4 Nxe5 0-1

[Event "8th Asian Continental/Individu"]
[Site "Subic Bay Free Port"]
[Date "2009.05.14"]
[Round "2.2"]
[White "Ju, Wenjun"]
[Black "Nguyen, Thi Thanh An"]
[Result "1-0"]
[WhiteElo "2454"]
[BlackElo "2324"]
[PlyCount "79"]
[EventDate "2009.05.13"]

1. d4 d5 2. c4 c6 3. Nf3 Nf6 4. Nc3 dxc4 5. a4 e6 6. e3 c5 7. Bxc4 Nc6 8. O-O
cxd4 9. exd4 Be7 10. Be3 O-O 11. Ne5 Nxe5 12. dxe5 Qxd1 13. Rfxd1 Ng4 14. Bd4
Bd7 15. h3 Nh6 16. Bxa7 Bc6 17. Bb6 Nf5 18. Bb5 Rfc8 19. a5 h5 20. Ra4 Bc5 21.
Bxc6 Rxc6 22. Rd7 Rb8 23. Bxc5 Rxc5 24. f4 h4 25. Kf2 b5 26. Rb4 Ra8 27. Rxb5
Rxb5 28. Nxb5 Rxa5 29. Nd6 Ra4 30. Kf3 Rb4 31. Rb7 Rd4 32. Rb8+ Kh7 33. Nxf7
Rd3+ 34. Ke2 Rg3 35. Kf2 Kg6 36. Ng5 Nd4 37. Rd8 Nc6 38. Rd6 Nxe5 39. Rxe6+ Kf5
40. Rxe5+ 1-0

[Event "8th Asian Continental/Individu"]
[Site "Subic Bay Free Port"]
[Date "2009.05.14"]
[Round "2.4"]
[White "Tania, Sachdev"]
[Black "Meenakshi, Subbaraman"]
[Result "1-0"]
[WhiteElo "2423"]
[BlackElo "2303"]
[PlyCount "103"]
[EventDate "2009.05.13"]

1. d4 Nf6 2. c4 c5 3. d5 b5 4. cxb5 a6 5. b6 Qxb6 6. Nc3 d6 7. e4 g6 8. h3 Bg7
9. Nf3 O-O 10. Bd3 Ne8 11. O-O Nc7 12. a4 e6 13. Nd2 Rd8 14. Nc4 Qb7 15. Ra3
Ne8 16. Rb3 Qe7 17. Bd2 Nd7 18. f4 Nc7 19. Na5 Rf8 20. Re1 e5 21. f5 c4 22.
Bxc4 Nc5 23. Ra3 gxf5 24. exf5 Bxf5 25. Qf3 Bg6 26. b4 Nd7 27. Ne4 Bxe4 28.
Rxe4 f5 29. Nc6 Qf6 30. Re2 Kh8 31. Qf2 Qf7 32. Bg5 Nb8 33. Nd8 Qd7 34. Ne6 Rf7
35. Bd8 Ne8 36. Qb6 Qa7 37. Qxa7 Raxa7 38. Bb6 Rab7 39. Nd8 Rxb6 40. Nxf7+ Kg8
41. Ng5 Bf6 42. Ne6 Rxb4 43. Rb3 Rxc4 44. Rxb8 Kf7 45. Reb2 Rc1+ 46. Kf2 Be7
47. R2b7 Nf6 48. Rf8+ Kg6 49. Rxe7 Rc2+ 50. Ke1 Nxd5 51. Rg7+ Kh6 52. Rff7 1-0

[Event "8th Asian Continental/Individu"]
[Site "Subic Bay Free Port"]
[Date "2009.05.14"]
[Round "2.5"]
[White "Nadig, Kruttika"]
[Black "Le, Kieu Thien Kim"]
[Result "1/2-1/2"]
[WhiteElo "2361"]
[BlackElo "2277"]
[PlyCount "60"]
[EventDate "2009.05.13"]

1. e4 e5 2. Nf3 Nf6 3. d4 Nxe4 4. Bd3 d5 5. dxe5 Nc6 6. Nc3 Bb4 7. O-O Bxc3 8.
bxc3 O-O 9. Qe1 Nc5 10. Bb5 Re8 11. Ba3 Ne4 12. Nd4 Bd7 13. Nxc6 Bxc6 14. Bxc6
bxc6 15. f3 Nd6 16. Bc5 f6 17. Bd4 fxe5 18. Bxe5 Nc4 19. f4 Nxe5 20. fxe5 Qg5
21. Qf2 Qg6 22. Rae1 Re6 23. Re3 h6 24. Re2 Qh5 25. Rfe1 a6 26. h3 Rc8 27. Qd4
Kh8 28. Kh2 Qf5 29. Rf2 Qg5 30. Rfe2 Qf5 1/2-1/2

[Event "8th Asian Continental/Individu"]
[Site "Subic Bay Free Port"]
[Date "2009.05.14"]
[Round "2.6"]
[White "Ding, Yixin"]
[Black "Karavade, Eesha"]
[Result "1-0"]
[WhiteElo "2281"]
[BlackElo "2359"]
[PlyCount "99"]
[EventDate "2009.05.13"]

1. e4 c5 2. Nf3 d6 3. d4 cxd4 4. Nxd4 Nf6 5. Nc3 e6 6. Be2 Be7 7. O-O O-O 8. f4
Nc6 9. Kh1 Bd7 10. Be3 a6 11. Qe1 Nxd4 12. Bxd4 Bc6 13. Qg3 b5 14. a3 g6 15.
Bd3 a5 16. Rae1 b4 17. axb4 axb4 18. Nd1 Ra5 19. c3 d5 20. e5 Ne4 21. Qe3 Qa8
22. Bxe4 dxe4 23. Nf2 bxc3 24. bxc3 Ra2 25. Ng4 Rb8 26. Nf6+ Bxf6 27. exf6 Rbb2
28. Rg1 Rd2 29. f5 exf5 30. Rb1 Rdb2 31. Rxb2 Rxb2 32. c4 f4 33. Qxf4 Rb3 34.
h3 h5 35. Bc5 Kh7 36. Be3 Qf8 37. Rd1 Rd3 38. Rb1 Rd8 39. Rb6 Rc8 40. Ra6 Kg8
41. Ra7 Ba8 42. c5 Re8 43. Qg5 Re6 44. Re7 Qc8 45. Kg1 Bc6 46. Bd4 Rxe7 47.
fxe7 Kh7 48. Qf6 Kh6 49. Be3+ Kh7 50. Qxf7+ 1-0

[Event "8th Asian Continental/Individu"]
[Site "Subic Bay Free Port"]
[Date "2009.05.14"]
[Round "2.7"]
[White "Zhang, Jilin"]
[Black "Wang, Xiaohui"]
[Result "1-0"]
[WhiteElo "2335"]
[BlackElo "2265"]
[PlyCount "97"]
[EventDate "2009.05.13"]

1. e4 c5 2. Nf3 e6 3. d4 cxd4 4. Nxd4 a6 5. c4 Nf6 6. Nc3 Bb4 7. Bd3 Nc6 8.
Nxc6 dxc6 9. e5 Qa5 10. exf6 Bxc3+ 11. bxc3 Qxc3+ 12. Qd2 Qxa1 13. O-O Qxf6 14.
Bb2 Qd8 15. Rd1 f5 16. Bxg7 Rg8 17. Be5 Qg5 18. f4 Qe7 19. Be2 Bd7 20. Bh5+ Rg6
21. Bd6 Qg7 22. Bc5 Rc8 23. Qd6 b6 24. Bd4 Qf8 25. Bxg6+ hxg6 26. Qxf8+ Kxf8
27. Bxb6 Ke8 28. c5 Ke7 29. Rd3 Rh8 30. Bc7 Rh5 31. Bd6+ Kd8 32. Be5 Ke7 33.
Rg3 Kf7 34. Rb3 g5 35. Rb7 Ke7 36. Ra7 gxf4 37. Rxa6 Rg5 38. Ra8 Be8 39. Ra7+
Kf8 40. Bxf4 Rg4 41. g3 e5 42. h3 Rg6 43. Bxe5 Re6 44. Bd6+ Kg8 45. Re7 Rxe7
46. Bxe7 Kf7 47. Bd6 Ke6 48. Kf2 Bh5 49. a4 1-0

[Event "8th Asian Continental/Individu"]
[Site "Subic Bay Free Port"]
[Date "2009.05.14"]
[Round "2.8"]
[White "Pourkashiyan, Atousa"]
[Black "Swathi, Ghate"]
[Result "0-1"]
[WhiteElo "2273"]
[BlackElo "2330"]
[PlyCount "88"]
[EventDate "2009.05.13"]

1. e4 c5 2. Nf3 e6 3. d4 cxd4 4. Nxd4 Nc6 5. Nc3 d6 6. g3 a6 7. Bg2 Qc7 8. O-O
Nf6 9. Re1 Bd7 10. a4 Be7 11. Nb3 b6 12. f4 Rb8 13. e5 Ng8 14. Qe2 Nb4 15. Nd4
dxe5 16. fxe5 Bc5 17. Be3 Qxe5 18. Qd2 Nf6 19. Bf2 Qc7 20. Ne4 Nxe4 21. Rxe4
O-O 22. Qg5 h6 23. Qh5 Nxc2 24. Rc1 Nxd4 25. Rxd4 Qa7 26. Rf4 Bxf2+ 27. Rxf2 b5
28. Rcf1 bxa4 29. Qe5 Rb5 30. Qc3 Rc8 31. Qd2 Rf5 32. Be4 Rxf2 33. Rxf2 Qc7 34.
Qd4 Bb5 35. Rc2 Qb8 36. Qd6 Rd8 37. Qc5 f5 38. Bf3 Qd6 39. Qa7 Qd3 40. Rf2 Qb1+
41. Kg2 Rd2 42. Kh3 Bf1+ 43. Kh4 Rxf2 44. Qxf2 Qc1 0-1

[Event "8th Asian Continental/Individu"]
[Site "Subic Bay Free Port"]
[Date "2009.05.14"]
[Round "2.9"]
[White "Hoang, Thi Bao Tram"]
[Black "Huang, Qian"]
[Result "0-1"]
[WhiteElo "2239"]
[BlackElo "2410"]
[PlyCount "128"]
[EventDate "2009.05.13"]

1. d4 Nf6 2. Nf3 g6 3. Bf4 d6 4. h3 c5 5. e3 Qb6 6. Qc1 cxd4 7. exd4 Nc6 8. c3
Bf5 9. Nbd2 Rc8 10. Nc4 Qd8 11. Qd1 d5 12. Nce5 Nd7 13. Qb3 Qb6 14. Qxb6 axb6
15. Nxc6 Rxc6 16. Bb5 Rc8 17. O-O h6 18. Rfe1 g5 19. Bh2 Kd8 20. Re3 Bg7 21.
Rae1 Bf6 22. Bxd7 Kxd7 23. Be5 Be6 24. Bxf6 exf6 25. Nh2 h5 26. f4 Kd6 27. fxg5
fxg5 28. Nf3 Rhg8 29. Ne5 Rce8 30. Rf1 f5 31. Kh2 f4 32. Re2 Ref8 33. Ref2 Bf5
34. c4 Be4 35. b3 Ke6 36. cxd5+ Bxd5 37. Nc4 b5 38. Re1+ Kd7 39. Ne5+ Kd6 40.
Nd3 Re8 41. Ne5 Rc8 42. Nd3 Rc3 43. Rd2 Rf8 44. Rf1 f3 45. gxf3 Rxf3 46. Rxf3
Bxf3 47. Nb4 h4 48. Rf2 Ke6 49. Rf1 Re3 50. Rf2 Be4 51. Nc2 Rc3 52. Ne1 Kd5 53.
Ng2 Kxd4 54. Rd2+ Rd3 55. Re2 b4 56. Rf2 Rd1 57. Re2 Rc1 58. Ne1 Rc3 59. Rf2
Rc1 60. Re2 Bc6 61. Re7 Rd1 62. Kg1 Kc3 63. Re2 Rd2 64. Re5 Kb2 0-1